عمالة الاطفال واقعها والآثار المترتبة عنها في منطقة البقاع الاوسط (Record no. 21177)

MARC details
000 -LEADER
fixed length control field 02733nam a2200217Ia 4500
008 - FIXED-LENGTH DATA ELEMENTS--GENERAL INFORMATION
fixed length control field 180910s9999 xx 000 0 und d
100 1# - MAIN ENTRY--PERSONAL NAME
Personal name البيطار، بلال ملحم
Miscellaneous information دبلوم تنمية اقتصادية واجتماعية
245 10 - TITLE STATEMENT
Title عمالة الاطفال واقعها والآثار المترتبة عنها في منطقة البقاع الاوسط
260 ## - PUBLICATION, DISTRIBUTION, ETC.
Place of publication, distribution, etc. بيروت
Name of publisher, distributor, etc. الجامعة اللبنانية - معهد العلوم الاجتماعية
Date of publication, distribution, etc. 2014
300 ## - PHYSICAL DESCRIPTION
Extent 156 pages
500 ## - GENERAL NOTE
General note النوع : رسالة
520 3# - SUMMARY, ETC.
Summary, etc. تهدف الدراسة إلى معرفة الأسباب التي دفعت الأولاد إلى ترك مقاعد الدراسة والإلتحاق بسوق العمل، وإن كان يشكل عمل الأطفال حلا لجزء من معاناتهم الاجتماعية والاقتصادية أم على العكس يزيد من تعقيدها، وما مدى العلاقة بين عمالة الأطفال وسلوكهم المنحرف. إعتمدت الدراسة المنهج الوصفي، وشملت العينة 150 طفلاً وطفلة من الأطفال العاملين في منطقة البقاع الأوسط في مدينة زحلة وجوارها، واستخدمت تقنية الاستمارة والمقابلة مع أرباب العمل وبعض الناشطين في المجتمع المدني ومع عدد من أهالي الأطفال. بينت النتائج أن التفكك الإجتماعي للأسرة والمشاكل الناجمة عنه يشكل الدافع الرئيسي لعمالة الأطفال، كما أن جهل الأهل وبعض أرباب العمل بالقوانين التي ترعى حقوق الأطفال وتمنع تشغيلهم قد يساهم في انخراط الأطفال في سوق العمل. بالإضافة إلى تعرض رب الأسرة لبعض المشاكل الإجتماعية كالمرض والتهجير أو الوفاة، والمشاكل الاقتصادية تشكل أسبابا هامة ودوافع أساسية لعمالة الأطفال، فضلاً عن تدني المستوى التعليمي والتسرب المدرسي قد يكون من الأسباب الرئيسية لعمالة الأطفال، بالإضافة إلى أن عمل الأطفال قد يؤدي إلى الانحراف في سلوكهم.
650 #4 - SUBJECT ADDED ENTRY--TOPICAL TERM
Topical term or geographic name entry element Bekaa Awsat
650 #4 - SUBJECT ADDED ENTRY--TOPICAL TERM
Topical term or geographic name entry element Bekaa Awsat
650 #4 - SUBJECT ADDED ENTRY--TOPICAL TERM
Topical term or geographic name entry element Child Labor
650 #4 - SUBJECT ADDED ENTRY--TOPICAL TERM
Topical term or geographic name entry element Travail des enfants
650 #4 - SUBJECT ADDED ENTRY--TOPICAL TERM
Topical term or geographic name entry element البقاع الاوسط
650 #4 - SUBJECT ADDED ENTRY--TOPICAL TERM
Topical term or geographic name entry element عمالة الاطفال وأطفال الشوارع
856 ## - ELECTRONIC LOCATION AND ACCESS
Public note الجامعة اللبنانية - عمادة معهد العلوم الاجتماعية
942 ## - ADDED ENTRY ELEMENTS (KOHA)
Koha item type بيانات الهيئة اللبنانية للعلوم التربوية

No items available.